000 00696cam a2200217 a 4500
001 000006605
005 20200929153947.0
008 791012s1973 sp 001 0 spa
020 _a8432504475
040 _aDO-SdBNP
_bspa
_cBNPHU
082 _a859.35
_bI64d
100 1 _aIonescu, Angela C.
_918316
245 1 0 _aDonde habita Zamolxe :
_bleyendas y cuentos populares de RumanĂ­a /
_cAngela C. Ionescu.
260 _aMadrid :
_bDoncel,
_c1973.
300 _a202 p. ;
_c18 cm.
490 1 _aLibro joven de bolsillo
_vno. 39
650 4 _aLiteratura europea
_918317
650 4 _aCuento
_zRumania
_918318
650 4 _aLeyendas
_zRumania
_918319
830 0 _aLibro joven de bolsillo ;
_vno. 39
_912847
999 _c6396
_d6396